00485cam a22001574a 4500020002800000082001200028245002700040250001000067260004800077300003100125650001600156700002100172942000700193999001500200952011200215 a0072884673 (alk. paper)00a657 FIN00aFinancial accounting / a12/e. aBoston, Mass. :bMcGraw-Hill/Irwin,cc2006. axxv, 802 p. :bcol. ill. ; 0aAccounting.1 aWilliams, Jan R. cBK c2266d2266 0010708NFICaICbICcGENd2015-09-29l1o657 FINp004984r2024-09-01 11:39:35s2024-08-31w2015-09-29yBK